Statistics for USA multiple choice

Click here to take the quiz!

General Stats

  • This quiz has been taken 136 times
    (125 since last reset)
  • The average score is 7 of 10

Answer Stats

QuestionAnswer% Correct
What is the smallest state?Rhode Island
91%
What state has the most population?California
85%
What is the biggest state?Alaska
83%
What is the biggest city in the USA by population?New York City
83%
What state became the last state of the USA?Hawaii
76%
What state has the least population?Wyoming
69%
What state became the first state of the USA?Delaware
62%
What is the smallest city in the USA by population?Buford,WY
51%
Part A: What state has the most bordersTennessee
43%
Part B: How many borders?8
33%

Score Distribution

Percentile by Number Answered

Percent of People with Each Score

Your Score History

You have not taken this quiz since the last reset